000 00413nam a2200181Ia 4500
005 20250603144734.0
008 250603s9999 xx 000 0 und d
020 _a9781032028965
050 _aRA 644 .C67/
100 _aEdited by The Guilford Press
245 0 _aCOVID-19
260 _aNew York
260 _bThe Guilford Press
260 _c2023
300 _a197 p
650 _aNew York
942 _cBK
999 _c39808
_d39808